01093nam a2200265Ia 4500003000900000008004100009020001800050040001600068080002200084111009700106245019100203260004200394300001400436490002600450650003200476650003200508650004900540700002600589700002500615700003000640710003700670942000700707999001500714952009800729IN-BaIIA211028s9999 xx 000 0 eng d a90-277-0479-1 cIIA Library a082.2:52bIAU-S59 aInternational Astronomical Union Symposiumn59thcCanberra, Australiad1973 Aug. 16-1898343 0aStellar instability and evolutionbproceedings of the IAU symposium No.59, held in Mount Stromlo, Canberra, Australia, August 16-18, 1973cedited by P. Ledoux, A. Noels and A. W. Rodgers aDordrechtbD. Reidel Publishingc1974 axi, 198p. aIAU Symposium; no. 59 a Stellar evolution 98344 a Stellar instability98345 aAstronomy and Astrophysics Thesaurus 91143 aLedoux, P., ed.98346 aNoels, A., ed.98347 aRodgers, A. W., ed.98348 aInternational Astronomical Union cBK c4710d4710 00104070aBANbBANcGENd1975-05-08l0o082.2:52/ IAU-S59p5264r2021-11-05w1975-05-08yBK